| 000 | 00502nam a2200181Ia 4500 | ||
|---|---|---|---|
| 008 | 231221s9999 xx 000 0 und d | ||
| 020 | _a9780000000000 | ||
| 041 | _aEnglish | ||
| 082 | _a001.424 HIL;41 | ||
| 100 | _aHillier, Frederick S. Lieberman, Gerald J. Nag, Bodhibrata...[et al.] | ||
| 245 | 0 | _aIntroduction to operations research | |
| 250 | _a9th ed. | ||
| 260 |
_c2010 _bTata McGraw-Hill _aNew Delhi |
||
| 300 | _axxx, 1102 | ||
| 300 | _c84096 | ||
| 650 | _aoperations | ||
| 942 | _cCD | ||
| 999 |
_c215645 _d215645 |
||